| Поле | Инд. | ПП | Название | Значение |
|---|---|---|---|---|
| Тип записи | a | |||
| Библиографический уровень | m | |||
| 001 | Контрольный номер | 8c599acb-5527-40c1-bb7a-479f842e52d8 | ||
| 005 | Дата корректировки | 20140703143534.8 | ||
| 008 | Кодируемые данные | 060324 | ||
| 020 | c | Цена, тираж | б/ц | |
| 041 | a | Код языка текста | rus | |
| 080 | a | Индекс УДК | 821.161.1.09(043.3) | |
| a | Индекс УДК | 929Твардовский | ||
| 084 | a | Индекс другой классификации/Индекс ББК | Ш5(2=411.2)6-4Твардовский А.Т.534я031 | |
| a | Индекс другой классификации/Индекс ББК | Ш5(2=411.2)6-334я031 | ||
| 090 | x | Авторский знак | Н73 | |
| a | Полочн. индекс | Ш5(2=411.2) | ||
| 100 | 1_ | a | Автор | Новикова Оксана Александровна |
| 245 | 10 | a | Заглавие | Проблемы развития "малой прозы" 1940-1960-х годов ("рабочие тетради" А. Т. Твардовского) |
| b | Продолж. заглавия | автореф. дис. ... канд. филол. наук : 10.01.01 | ||
| c | Ответственность | Смол. гос. пед. ун-т, Каф. лит. и фольклора | ||
| 260 | 1_ | a | Место издания | Смоленск |
| c | Дата издания | 1999 | ||
| 300 | a | Объем | 18 с. | |
| 500 | a | Примечание | На правах рукоп. | |
| 504 | a | Библиография | Библиогр. в конце кн. | |
| 583 | a | Действие | Получение впервые 97 22.03.2006 | |
| 650 | a | Основная рубрика | Твардовский, Александр Трифонович, о нем | |
| 650 | a | Основная рубрика | Русская литература | |
| x | Основная подрубрика | История | ||
| x | Основная подрубрика | Проза | ||
| x | Основная подрубрика | Жанры | ||
| y | Хронологическая подрубрика | 20 в. | ||
| 650 | a | Основная рубрика | Жанр малой прозы | |
| 650 | a | Основная рубрика | Русская проза | |
| 653 | a | Ключевые слова | Твардовский | |
| a | Ключевые слова | Русская литература | ||
| a | Ключевые слова | Проза | ||
| a | Ключевые слова | Малая проза | ||
| a | Ключевые слова | Литературные жанры | ||
| a | Ключевые слова | Русская проза | ||
| a | Ключевые слова | Писатели | ||
| a | Ключевые слова | Русские писатели | ||
| a | Ключевые слова | Авторефераты | ||
| a | Ключевые слова | Персоналии | ||
| 852 | t | Порядковый номер экземпляра | 1 | |
| p | Инвентарный номер | б/н | ||
| 888 | a | Бесплатные | ||
| 930 | a | Новая/Ретро | авторефераты | |
| a | Новая/Ретро | персоналии | ||
| 952 | p | 97.2006 б/ц 1 б/н | ||
| c | Вид литературы | А/Р н | ||
| 954 | a | Дата поступления на обработку | 20060417 | |
| 999 | a | Подразделение 2 | ч.з. |